000 01313cam a2200289 4500
001 ABS65562
008 020605n2002 000 0 eng u
035 _a(Sirsi) u118280
100 _aPerry, R
245 _aE-conveyancing: security requirements
260 _c2002
490 _aSolicitors' Journal
_v146(15) 19 April 2002, 360-361(2)
520 _aWarns how the move to e-conveyancing creates a new form of risk and security issues. Highlights the three main new risks connected with electronic conveyancing as being: the nature of digital signatures themselves; computer networks are inherenetly insecure and the problem of cyber-crime. Looks at the precautions available to combat these risks. Questions whether insurance is the answer; avoiding negligence claims; entering into network access agreements when e-conveyancing is introduced and if fraud does occur the onus will be on the Land Registry to prove negligence.
590 _aABS
650 _aHM LAND REGISTRY
650 _aECONVEYANCING
650 _aECONVEYANCING
650 _aLAND REGISTRATION BILL
650 _aRISKS
650 _aDIGITAL SIGNATURES
650 _aINTERNET
650 _aSECURITY MEASURES
650 _aNEGLIGENCE
650 _aNETWORKS
690 _aPROPERTY AND LAND LAW-CONVEYANCING
942 _n0
999 _c70415
_d70415